000 00457nam a2200157Ia 4500
003 GCL
008 140319s9999 xx 000 0 ara d
040 _aGCL /
_cGCL
082 0 4 _a813.03
_bز ق
100 1 _aزياد عبدالفتاح
245 1 0 _aقطة سوداء فى الشارع الاخير /
_cزياد عبدالفتاح
490 _aكتاب
_v0
650 0 4 _aالادب العربى
650 0 4 _aالقصة القصيرة
942 _2ddc
_cBK
999 _c41892
_d41892